[Event "45th Capablanca Mem Open"]
[Site "Havana CUB"]
[Date "2010.06.14"]
[Round "5"]
[White "Moncayo Romero,E"]
[Black "Aguero Jimenez,L"]
[Result "0-1"]
[WhiteElo "2122"]
[BlackElo "2409"]
[EventDate "2010.06.10"]

1. e4 c5 2. Nf3 d6 3. d4 cxd4 4. Nxd4 Nf6 5. Nc3 a6 6. Bg5 e6 7. f4 Be7 8.
Qf3 Qc7 9. O-O-O Nbd7 10. g4 b5 11. Bxf6 Nxf6 12. g5 Nd7 13. Kb1 b4 14.
Nce2 Bb7 15. Ng3 Rc8 16. Nh5 O-O 17. Bd3 Qb6 18. Qh3 Qxd4 19. e5 Be4 20.
Nf6+ gxf6 21. gxf6 Bxf6 22. exf6 Kh8 23. Rhe1 Bxd3 24. Rxd3 Qxf6 25. Rxd6
Nc5 26. f5 Qxf5 27. Qxf5 exf5 28. Rf6 Rce8 29. Rf1 Ne4 0-1

[Event "45th Capablanca Mem Open"]
[Site "Havana CUB"]
[Date "2010.06.14"]
[Round "5"]
[White "Frometa Castillo,Z"]
[Black "Rodriguez Garcia,V"]
[Result "0-1"]
[WhiteElo "2109"]
[BlackElo "2377"]
[EventDate "2010.06.10"]

1. d4 Nf6 2. Nf3 g6 3. Nbd2 d5 4. e3 Bg7 5. Bd3 O-O 6. O-O c5 7. c3 Nc6 8.
h3 Nd7 9. Re1 e5 10. dxe5 Ndxe5 11. Be2 Bf5 12. Nxe5 Nxe5 13. Nf3 Nc6 14.
Bd3 Be4 15. Bxe4 dxe4 16. Qxd8 Raxd8 17. Nd2 f5 18. f3 Rfe8 19. f4 Rd3 20.
Nb3 b6 21. Kf2 Red8 22. Ke2 Kf7 23. Bd2 Na5 24. Rad1 Nc4 25. Bc1 Ke6 26.
Rxd3 exd3+ 27. Kd1 Nd6 28. Nd2 Kd5 29. Nf3 Bf6 30. g4 Ne4 31. Rf1 b5 32.
Nd2 Nd6 33. gxf5 gxf5 34. Rg1 a5 35. a3 Rb8 36. Rg2 b4 37. cxb4 axb4 38.
axb4 Rxb4 39. Nf3 Nc4 40. Ne5 Bxe5 41. fxe5 d2 0-1

[Event "45th Capablanca Mem Open"]
[Site "Havana CUB"]
[Date "2010.06.14"]
[Round "5"]
[White "Rincon Gonzalez,Lu"]
[Black "Vega,L"]
[Result "1/2-1/2"]
[WhiteElo "1900"]
[BlackElo "2357"]
[EventDate "2010.06.10"]

1. e4 c5 2. Nf3 Nc6 3. d3 g6 4. g3 Bg7 5. Bg2 d6 6. O-O Nf6 7. Re1 Bg4 8.
h3 Bxf3 9. Qxf3 O-O 10. c3 Rb8 11. Qe2 e5 12. Be3 h6 13. Na3 Re8 14. Kh2 b6
15. Qd2 Kh7 16. b4 cxb4 17. cxb4 d5 18. Rac1 Qd6 19. Nb5 Qd7 20. exd5 Ne7
21. Nc7 Red8 22. d4 e4 23. Bf4 Rbc8 24. Be5 Nfxd5 25. Nxd5 Rxc1 26. Qxc1
Nxd5 27. Bxg7 Kxg7 28. Rxe4 Nf6 29. Rf4 g5 30. Rf3 Qxd4 31. a3 Rd7 32. Qc2
Qa1 33. Qf5 Re7 34. Qc8 Re1 35. Qf5 Qe5 36. Qxe5 Rxe5 37. Bf1 Ne4 38. Re3
Kf6 39. Kg2 Nd2 40. Rd3 Nxf1 41. Kxf1 h5 42. Rd7 Re7 43. Rd3 Re6 44. Kg2
Rc6 45. Kf3 a5 46. bxa5 bxa5 47. Ke4 Ke6 48. Rb3 f6 49. Kd3 Rc5 50. Rb6+
Ke5 51. Rb8 Rd5+ 52. Ke3 Kf5 53. a4 Rc5 54. Kd3 h4 55. gxh4 gxh4 56. Rb5
Re5 57. Rxe5+ fxe5 58. Ke3 Ke6 59. Ke4 Kd6 60. Kf5 Kd5 61. Kg4 Ke4 62. Kxh4
Kf4 63. Kh5 Kf5 64. h4 e4 1/2-1/2

[Event "45th Capablanca Mem Open"]
[Site "Havana CUB"]
[Date "2010.06.14"]
[Round "5"]
[White "Guerra Tulcan,L"]
[Black "Gutierrez,L"]
[Result "1/2-1/2"]
[WhiteElo "2354"]
[BlackElo "2000"]
[EventDate "2010.06.10"]

1. e4 c5 2. Nf3 d6 3. d4 cxd4 4. Nxd4 Nf6 5. Nc3 a6 6. Be2 e6 7. O-O Be7 8.
a4 O-O 9. Kh1 Nc6 10. f4 Qc7 11. Nb3 b6 12. Bf3 Bb7 13. Be3 Rfe8 14. g4 Bf8
15. g5 Nd7 16. Bg2 Nb4 17. Rf2 g6 18. Qg4 Bg7 19. Rd1 Rad8 20. h4 f5 21.
gxf6 Nxf6 22. Qh3 Bc6 23. Rfd2 Qb7 24. Rxd6 Rxd6 25. Rxd6 Nxe4 26. Rxc6
Qxc6 27. Bxe4 Qc4 28. Nd2 Qc7 29. h5 Bxc3 30. bxc3 Qxc3 31. hxg6 hxg6 32.
Qg3 Qf6 33. Qxg6+ Qxg6 34. Bxg6 Rc8 35. c4 b5 36. axb5 axb5 37. cxb5 Nd5
38. Nf1 Rc3 39. Bd2 Rb3 40. Kg2 Rxb5 41. Kf3 Kg7 42. Be4 Rb3+ 43. Ne3 Kf6
44. Bc2 Ra3 45. Bc1 Nxe3 46. Bxe3 e5 47. f5 Rc3 48. Be4 Ra3 49. Ke2 Ra4 50.
Kf3 Ra3 51. Bc2 Rc3 52. Bb1 Rb3 53. Be4 Ra3 1/2-1/2

[Event "45th Capablanca Mem Open"]
[Site "Havana CUB"]
[Date "2010.06.14"]
[Round "5"]
[White "Cabrera Trujillo,J"]
[Black "Pazos Gambarrotti,P"]
[Result "1-0"]
[WhiteElo "2361"]
[BlackElo "2296"]
[EventDate "2010.06.10"]

1. e4 e5 2. Nf3 d6 3. d4 Nd7 4. Nc3 Ngf6 5. Bc4 Be7 6. O-O O-O 7. Re1 c6 8.
a4 b6 9. b3 Bb7 10. Bf1 a6 11. Bb2 Qc7 12. Qd2 Rfe8 13. Rad1 Rad8 14. Nh4
g6 15. g3 Bf8 16. Bg2 Bg7 17. d5 cxd5 18. Nxd5 Nxd5 19. exd5 f5 20. Nf3 Nf6
21. Ng5 Bc8 22. Ne6 Bxe6 23. dxe6 e4 24. Bf1 Ng4 25. Bxg7 Kxg7 26. Qd5 Qc8
27. Qd4+ Ne5 28. Qxb6 Nf3+ 29. Kh1 Nxe1 30. Qa7+ Kh6 31. Qe3+ Kg7 32. Qa7+
Kh6 33. e7 Rd7 34. Qe3+ g5 35. Rxe1 Qc5 36. Bxa6 Rdxe7 37. Bb5 Rf8 38. Qxc5
dxc5 39. a5 f4 40. g4 Rd8 41. a6 Rd2 42. Bc6 Rxc2 43. Rxe4 Rxe4 44. Bxe4
Ra2 45. Bd3 Rxf2 46. Bb5 f3 47. Kg1 1-0

[Event "45th Capablanca Mem Open"]
[Site "Havana CUB"]
[Date "2010.06.14"]
[Round "5"]
[White "Vigoa Apecheche,Yan"]
[Black "Diaz Hernandez,H"]
[Result "1/2-1/2"]
[WhiteElo "2302"]
[BlackElo "2335"]
[EventDate "2010.06.10"]

1. d4 Nf6 2. Nf3 e6 3. e3 c5 4. Bd3 d5 5. b3 Nc6 6. a3 Bd6 7. Bb2 Qc7 8. c4
dxc4 9. Bxc4 cxd4 10. exd4 O-O 11. Nc3 a6 12. O-O e5 13. Nd5 Nxd5 14. Bxd5
exd4 15. Bxc6 bxc6 16. Qxd4 f6 17. Rfd1 Rd8 18. Qc4+ Qf7 19. Qe4 Bb7 20.
Nd2 c5 21. Qg4 h5 22. Qh3 Bd5 23. Bc3 Bxb3 24. Nxb3 Qxb3 25. Rab1 Bf8 26.
Re1 Qd5 27. Re3 c4 28. Rbe1 Rab8 29. Rf3 Re8 30. Rf1 Rb3 31. Qg3 Bd6 32.
Qg6 Qf7 33. Rxf6 Qxg6 34. Rxg6 Rxc3 35. Rxd6 Rxa3 36. Rc6 c3 37. g3 Re2 38.
Kg2 a5 39. Kf3 Rb2 40. Kf4 Raa2 41. Rxc3 Rxf2+ 42. Rxf2 Rxf2+ 43. Kg5 h4
44. Kxh4 Rxh2+ 45. Kg5 Rb2 46. Rc5 a4 47. Ra5 Rb4 48. Ra7 Kh7 49. g4 Rc4
50. Kh5 1/2-1/2

[Event "45th Capablanca Mem Open"]
[Site "Havana CUB"]
[Date "2010.06.14"]
[Round "5"]
[White "Olivares Canelles,Francisco"]
[Black "Zepeda,L"]
[Result "1-0"]
[WhiteElo "2328"]
[BlackElo "2152"]
[EventDate "2010.06.10"]

1. d4 Nf6 2. c4 g6 3. Nc3 Bg7 4. e4 d6 5. f4 O-O 6. Nf3 Bg4 7. Be3 Nbd7 8.
h3 Bxf3 9. Qxf3 e5 10. dxe5 dxe5 11. f5 c6 12. g4 Ne8 13. O-O-O Qc7 14. h4
Bf6 15. g5 Be7 16. h5 Bc5 17. f6 b6 18. hxg6 fxg6 19. Bh3 Bxe3+ 20. Qxe3
Rf7 21. Rxd7 Rxd7 22. Be6+ Kf8 23. Qh3 Rad8 24. Qh6+ 1-0

[Event "45th Capablanca Mem Open"]
[Site "Havana CUB"]
[Date "2010.06.14"]
[Round "5"]
[White "Ostos,J"]
[Black "Perez Perez,O"]
[Result "1-0"]
[WhiteElo "2273"]
[BlackElo "2318"]
[EventDate "2010.06.10"]

1. e4 c5 2. Nf3 d6 3. Nc3 Nc6 4. d4 cxd4 5. Nxd4 Nf6 6. Bc4 Qb6 7. Nde2 e6
8. O-O a6 9. a4 Be7 10. Ng3 h5 11. h3 Bd7 12. Bb3 h4 13. Nge2 Qa5 14. f4
O-O-O 15. Be3 Rdg8 16. f5 g5 17. fxe6 fxe6 18. Nb5 Nxe4 19. Rf7 axb5 20.
axb5 Qxb5 21. Nd4 Nxd4 22. Qxd4 Ng3 23. Qb6 Qxb6 24. Bxb6 Kb8 25. Rxe7 Rd8
26. Bxe6 1-0

[Event "45th Capablanca Mem Open"]
[Site "Havana CUB"]
[Date "2010.06.14"]
[Round "5"]
[White "Llaudy Pupo,L"]
[Black "Marrero Lopez,Yan"]
[Result "0-1"]
[WhiteElo "2224"]
[BlackElo "2316"]
[EventDate "2010.06.10"]

1. e4 e5 2. Nf3 Nc6 3. Bb5 Nf6 4. O-O Bc5 5. c3 O-O 6. Re1 Ng4 7. Rf1 f5 8.
d3 d6 9. Bc4+ Kh8 10. b4 Bb6 11. h3 Nf6 12. Ng5 Qe8 13. Qe2 f4 14. a4 a5
15. b5 Nd8 16. Nf3 Qg6 17. Kh1 Ne6 18. Nbd2 Qh5 19. Bxe6 Bxe6 20. Nc4 Bxc4
21. dxc4 g5 22. Kg1 g4 23. hxg4 Nxg4 24. Ra2 Rf6 0-1

[Event "45th Capablanca Mem Open"]
[Site "Havana CUB"]
[Date "2010.06.14"]
[Round "5"]
[White "Espinosa Garcia,S"]
[Black "Flaquer,L"]
[Result "0-1"]
[WhiteElo "2134"]
[BlackElo "2316"]
[EventDate "2010.06.10"]

1. d4 Nf6 2. c4 c5 3. d5 b5 4. cxb5 a6 5. b6 Bb7 6. Nc3 e6 7. e4 Qxb6 8.
Bc4 Be7 9. Nge2 exd5 10. exd5 O-O 11. O-O d6 12. Ng3 Re8 13. Nf5 Bf8 14.
Bg5 Nbd7 15. Qc2 h6 16. Bf4 Ne5 17. b3 Nfd7 18. h3 Nf6 19. Rfe1 Bc8 20.
Bxe5 dxe5 21. Ne3 e4 22. a4 Qd6 23. Bf1 Rb8 24. a5 Rb4 25. Nc4 Qf4 26. Re3
h5 27. Nb6 Bb7 28. Bc4 h4 29. Ne2 Qg5 30. Rd1 Bd6 31. Qd2 Re7 32. Na4 Nh5
33. Kh1 Qe5 34. g3 Qf5 35. Kg2 Qg6 36. Nac3 f5 37. Kh1 hxg3 38. fxg3 Nxg3+
39. Nxg3 f4 40. Rxe4 Qxg3 41. Rxe7 Bxe7 42. Qe1 Qxh3+ 43. Kg1 Kf8 44. Qe5
Qg3+ 45. Kf1 Bc8 46. Rd3 Qh2 47. Ke1 Bg4 48. Ne2 Qxe2+ 49. Qxe2 Bxe2 50.
Kxe2 Bd8 51. Kf3 g5 52. d6 Bxa5 53. Rd5 Bd8 54. Rxc5 Rb6 55. Rd5 Kg7 56.
Kg4 Rc6 57. Bd3 a5 58. d7 Rc3 59. Kf3 Rxb3 60. Ke4 a4 61. Kf5 a3 62. Rd6 a2
63. Rg6+ Kf8 64. Ra6 Rxd3 65. Rxa2 Rxd7 0-1

[Event "45th Capablanca Mem Open"]
[Site "Havana CUB"]
[Date "2010.06.14"]
[Round "5"]
[White "Miranda Llanes,Y"]
[Black "Pedersen,F"]
[Result "1/2-1/2"]
[WhiteElo "2170"]
[BlackElo "2315"]
[EventDate "2010.06.10"]

1. d4 d5 2. c4 c6 3. Nc3 Nf6 4. Nf3 a6 5. e3 b5 6. cxb5 cxb5 7. Bd3 Bb7 8.
O-O e6 9. Bd2 Nbd7 10. Ne2 Ne4 11. Be1 Bd6 12. a4 b4 13. a5 Bc6 14. Nd2 Qb8
15. h3 O-O 16. Qc2 Qb7 17. f3 Nxd2 18. Qxd2 Bb5 19. Bg3 Be7 20. Nc1 Rfc8
21. Na2 Bc4 22. Nc1 Qb5 23. Rd1 b3 24. Be1 Rab8 25. Ne2 Rb7 26. Nc3 Qc6 27.
Ra4 Qd6 28. Qe2 Rbc7 29. Bxc4 Rxc4 30. Rxc4 dxc4 31. Ne4 Qd5 32. Bc3 Bd8
33. Ra1 f5 34. Nd2 Qb5 35. Qe1 Bg5 36. Nf1 Bf6 37. Rd1 Nf8 38. e4 Rd8 39.
Ne3 Bg5 40. Nf1 h6 41. h4 Bf6 42. Ne3 Ng6 43. g3 f4 44. Ng4 Be7 45. Nh2
fxg3 46. Qxg3 Qh5 47. Qc7 Qxh4 48. Qxc4 Nf4 49. Kh1 Bd6 50. Rg1 Kh8 51. e5
Nh3 52. exd6 Nxg1 53. Kxg1 Qg3+ 54. Kh1 Rxd6 55. Qxb3 Rd5 56. Qd1 e5 57.
Qe2 e4 58. Qxe4 Rg5 59. Qe8+ Kh7 60. Qe4+ Kh8 1/2-1/2

[Event "45th Capablanca Mem Open"]
[Site "Havana CUB"]
[Date "2010.06.14"]
[Round "5"]
[White "Larrua Gonzalez,F"]
[Black "Zavarce,Oscar Enrique"]
[Result "1-0"]
[WhiteElo "2310"]
[BlackElo "2124"]
[EventDate "2010.06.10"]

1. d4 Nf6 2. Nf3 e6 3. c4 b6 4. g3 Bb7 5. Bg2 c5 6. O-O cxd4 7. Nxd4 Bxg2
8. Kxg2 a6 9. Nc3 Qc7 10. Qd3 Nc6 11. Nxc6 Qxc6+ 12. f3 Rc8 13. Be3 Qxc4
14. Qxc4 Rxc4 15. Bxb6 Bb4 16. Rfc1 Ke7 17. Ne4 Rhc8 18. Rxc4 Rxc4 19. Nxf6
gxf6 20. Kf2 d5 21. Rb1 e5 22. a3 Bd2 23. Be3 Bxe3+ 24. Kxe3 a5 25. Kd3 f5
26. b4 axb4 27. axb4 Kd7 28. b5 Kc7 29. b6+ Kb7 30. Rb5 Rd4+ 31. Kc3 f6 32.
e3 Rc4+ 33. Kd3 Rc6 34. Rxd5 Kxb6 35. g4 fxg4 36. fxg4 Kc7 37. Ke4 Rc2 38.
h4 Rh2 39. h5 Rf2 40. Rd1 h6 41. Rd3 Kc8 42. Rd6 Kc7 43. Ra6 Kd7 44. Kd5
Rd2+ 45. Ke4 Rf2 46. g5 hxg5 47. h6 f5+ 48. Kxe5 f4 49. exf4 gxf4 50. h7
Re2+ 51. Kxf4 Re8 52. Rh6 Rh8 53. Kf5 Ke7 54. Kg6 Kf8 55. Kf6 1-0

[Event "45th Capablanca Mem Open"]
[Site "Havana CUB"]
[Date "2010.06.14"]
[Round "5"]
[White "Zepeda,S"]
[Black "Mendez Fortes,E"]
[Result "1-0"]
[WhiteElo "2107"]
[BlackElo "2310"]
[EventDate "2010.06.10"]

1. e4 c5 2. Nf3 d6 3. d4 cxd4 4. Nxd4 Nf6 5. Nc3 a6 6. Be3 e5 7. Nb3 Be7 8.
Qd2 O-O 9. O-O-O Be6 10. f4 Ng4 11. Kb1 Nxe3 12. Qxe3 exf4 13. Qxf4 Nc6 14.
Nd5 Bxd5 15. Rxd5 Rc8 16. h4 Qc7 17. Rd2 b5 18. g4 Rfe8 19. g5 Bf8 20. Bh3
Rcd8 21. Rf2 Qa7 22. Rhf1 Ne5 23. h5 d5 24. exd5 Rxd5 25. Bg2 Rdd8 26. Be4
Bc5 27. Re2 g6 28. Nxc5 Qxc5 29. h6 Re6 30. c3 Qc4 31. Qf2 b4 32. Bc2 Kf8
33. Bb3 Qd3+ 34. Kc1 bxc3 35. Bxe6 cxb2+ 36. Kxb2 Qd6 37. Qe3 Qb4+ 38. Ka1
1-0

[Event "45th Capablanca Mem Open"]
[Site "Havana CUB"]
[Date "2010.06.14"]
[Round "5"]
[White "Hernandez Moya,Y"]
[Black "Fernandez Hernandez,A"]
[Result "0-1"]
[WhiteElo "2181"]
[BlackElo "2303"]
[EventDate "2010.06.10"]

1. d4 d5 2. c4 e6 3. Nc3 Nf6 4. cxd5 exd5 5. Bg5 c6 6. e3 Be7 7. Bd3 g6 8.
Qc2 Nbd7 9. Nge2 Nh5 10. Bxe7 Qxe7 11. O-O f5 12. Rae1 O-O 13. Ng3 Nxg3 14.
hxg3 Qg5 15. Na4 Nf6 16. Be2 h5 17. Bf3 Rf7 18. Rd1 Rh7 19. Rfe1 h4 20.
gxh4 Qxh4 21. Kf1 Ne4 22. Nc5 b6 23. Nd3 Ba6 24. g3 Qh2 25. Bg2 Rc8 26. Re2
g5 27. Ne5 g4 28. Bxe4 fxe4 29. Ke1 Qg2 30. Kd2 Bxe2 31. Kxe2 Rf8 32. Rf1
Rxf2+ 33. Rxf2 Qxf2+ 34. Kxf2 Rh2+ 35. Kf1 Rxc2 36. b4 a5 37. bxa5 bxa5 38.
a4 Kg7 39. Nxg4 c5 40. dxc5 Rxc5 41. Ne5 Rc1+ 42. Ke2 Ra1 43. Nc6 Rxa4 44.
Ne7 Ra2+ 45. Ke1 a4 46. Nxd5 a3 47. Nc3 Rh2 0-1

[Event "45th Capablanca Mem Open"]
[Site "Havana CUB"]
[Date "2010.06.14"]
[Round "5"]
[White "Llorente,J"]
[Black "Osorio,F"]
[Result "1-0"]
[WhiteElo "2295"]
[BlackElo "2232"]
[EventDate "2010.06.10"]

1. d4 f5 2. g3 Nf6 3. Bg2 g6 4. Nf3 Bg7 5. O-O O-O 6. c4 d6 7. Nc3 c6 8.
Rb1 Qe8 9. d5 Bd7 10. Nd4 Na6 11. dxc6 bxc6 12. b3 Nc7 13. Re1 d5 14. cxd5
cxd5 15. Ba3 e5 16. Bxf8 Qxf8 17. Nf3 Qe7 18. e3 Rd8 19. Rc1 Be8 20. Qc2
Rd7 21. Na4 Na6 22. Qe2 Nc7 23. Nc5 Rd8 24. a4 h6 25. Na6 Nxa6 26. Qxa6 Bf7
27. Rc8 Rxc8 28. Qxc8+ Kh7 29. Rc1 Ne8 30. Qc5 Qd7 31. Bf1 f4 32. Qc8 Qd6
33. Bb5 Nf6 34. Qc7 Qe6 35. exf4 exf4 36. Nd4 Qe4 37. Qxf7 Qxd4 38. Rc7 Nh5
39. Be2 fxg3 40. hxg3 1-0

[Event "45th Capablanca Mem Open"]
[Site "Havana CUB"]
[Date "2010.06.14"]
[Round "5"]
[White "Ramon Pita,V"]
[Black "Ubaldo Suarez,M"]
[Result "1/2-1/2"]
[WhiteElo "2267"]
[BlackElo "2041"]
[EventDate "2010.06.10"]

1. Nf3 d5 2. b3 Nf6 3. Bb2 e6 4. e3 Bd6 5. d4 Nbd7 6. Bd3 O-O 7. Nbd2 c6 8.
Ne5 Qe7 9. a3 c5 10. O-O a6 11. a4 b6 12. f4 Bb7 13. Qf3 Rac8 14. Rad1 c4
15. bxc4 dxc4 16. Qxb7 cxd3 17. cxd3 Rc2 18. Nc6 Qe8 19. Nc4 Qc8 20. Nxd6
Qxb7 21. Ne7+ Kh8 22. Nxb7 Rxb2 23. Nd6 Ng4 24. Nc4 Rb4 25. h3 Rxc4 26.
dxc4 Nxe3 27. Rc1 Nxf1 28. Kxf1 Re8 29. Nc6 Rc8 30. Nb4 a5 31. Nd3 Kg8 32.
Ke2 Kf8 33. Ne5 Nb8 34. Kd3 f6 35. Nf3 Nc6 36. Ke4 Nb4 37. Nd2 Ke7 38. f5
exf5+ 39. Kxf5 g6+ 40. Kg4 Rd8 41. Re1+ Kf7 42. d5 Re8 43. Rxe8 Kxe8 44.
Kf3 Nd3 45. Ke4 Nc5+ 46. Kd4 Nxa4 47. Ne4 Ke7 48. d6+ Ke6 49. d7 Kxd7 50.
Nxf6+ Kd6 51. Nxh7 Nc5 52. Nf6 Ne6+ 53. Kc3 Nf4 54. Kd4 Kc6 55. Ng4 Ne6+
56. Kc3 Kd6 57. Ne3 Kc5 58. h4 Nf4 59. g4 Ne2+ 60. Kd3 Ng3 61. Kc3 Ne4+ 62.
Kd3 Nf6 63. Kc3 a4 64. h5 gxh5 65. gxh5 Nxh5 66. Kb2 Nf6 67. Ka3 Kd4 68.
Nc2+ Kxc4 69. Kxa4 Nd5 1/2-1/2

[Event "45th Capablanca Mem Open"]
[Site "Havana CUB"]
[Date "2010.06.14"]
[Round "5"]
[White "Boada,W"]
[Black "Romero Echeverria,A"]
[Result "1-0"]
[WhiteElo "2266"]
[BlackElo "2054"]
[EventDate "2010.06.10"]

1. e4 c5 2. Nf3 e6 3. b4 cxb4 4. d4 Nf6 5. Bd3 Be7 6. O-O O-O 7. a3 b6 8.
axb4 Bxb4 9. e5 Nd5 10. c4 Nc7 11. Bxh7+ Kh8 12. Be4 Nc6 13. Ng5 g6 14.
Bxc6 dxc6 15. Qb3 Kg7 16. Qxb4 Qxd4 17. Nf3 c5 18. Qa4 Qd7 19. Bg5 Qxa4 20.
Bf6+ Kg8 21. Rxa4 Bb7 22. Ra3 Rfc8 23. Ng5 Ne8 24. Rh3 Nxf6 25. exf6 Bc6
26. Rh7 1-0

[Event "45th Capablanca Mem Open"]
[Site "Havana CUB"]
[Date "2010.06.14"]
[Round "5"]
[White "Lebredo Zaragoitia,G"]
[Black "Herrera Sosa,J"]
[Result "1-0"]
[WhiteElo "2262"]
[BlackElo "1971"]
[EventDate "2010.06.10"]

1. d4 Nf6 2. c4 g6 3. Nc3 Bg7 4. Nf3 O-O 5. Bg5 d6 6. e3 Nbd7 7. Be2 c6 8.
O-O h6 9. Bh4 g5 10. Bg3 Nh5 11. Qc2 Nxg3 12. hxg3 e5 13. Rad1 f5 14. dxe5
dxe5 15. g4 fxg4 16. Nh2 g3 17. fxg3 Qb6 18. Rxf8+ Nxf8 19. Nf1 Be6 20. Ne4
Rd8 21. c5 Qc7 22. Rxd8 Qxd8 23. Nd6 b6 24. cxb6 axb6 25. Qxc6 Bxa2 26.
Bc4+ Bxc4 27. Nxc4 Nd7 28. b4 Kh7 29. b5 Bf6 30. g4 Kg7 31. Ng3 Nc5 32.
Nh5+ Kf7 33. Nd6+ Kf8 34. Nf5 Kf7 35. Nxh6+ Kg6 36. Nf5 Qd1+ 37. Kh2 Nd7
38. Qe6 1-0

[Event "45th Capablanca Mem Open"]
[Site "Havana CUB"]
[Date "2010.06.14"]
[Round "5"]
[White "Cancio Bello Ayes,F"]
[Black "Gonzalez Vega,A"]
[Result "1/2-1/2"]
[WhiteElo "2075"]
[BlackElo "2291"]
[EventDate "2010.06.10"]

1. e4 e6 2. d4 d5 3. Nc3 Nf6 4. exd5 exd5 5. Bg5 c6 6. Qd2 Bd6 7. O-O-O Be6
8. f3 Qc7 9. g4 Nbd7 10. Kb1 O-O-O 11. h3 h5 12. gxh5 Rxh5 13. h4 Re8 14.
Nh3 Rhh8 15. Bd3 Nh5 16. Ne2 Bxh3 17. Rxh3 Ndf6 18. Qc3 Nh7 19. Bd2 Nf4 20.
Nxf4 Bxf4 21. Rhh1 Nf6 22. Rhg1 g6 23. Be1 Re3 24. Bf2 Re7 25. a4 Nh5 26.
Rge1 Rhe8 27. a5 Bd6 28. a6 b6 29. Rxe7 Rxe7 30. Bf1 Nf4 31. Be3 Kb8 32.
Re1 Nh5 1/2-1/2

[Event "45th Capablanca Mem Open"]
[Site "Havana CUB"]
[Date "2010.06.14"]
[Round "5"]
[White "Guillen Ramirez,J"]
[Black "Garcia Fuentes,S"]
[Result "0-1"]
[WhiteElo "2223"]
[BlackElo "2169"]
[EventDate "2010.06.10"]

1. e4 c5 2. Nf3 e6 3. d4 cxd4 4. Nxd4 Nf6 5. Nc3 Nc6 6. Ndb5 d6 7. Bf4 e5
8. Bg5 a6 9. Na3 Be6 10. Nc4 Rc8 11. Ne3 Be7 12. Bxf6 Bxf6 13. Ncd5 Bg5 14.
Bd3 O-O 15. O-O g6 16. Kh1 Ne7 17. f4 exf4 18. Nxf4 Bxf4 19. Rxf4 d5 20.
Qf3 dxe4 21. Bxe4 Qb6 22. Rf1 Qxb2 23. Bxb7 Rc3 24. Bxa6 Nd5 25. Re4 Nxe3
26. Rxe3 Bd5 27. Qxd5 Rxe3 28. Bc4 Qe5 29. a4 Qxd5 30. Bxd5 Ra3 31. Bb3 Kg7
32. Kg1 f5 33. Kf2 Re8 34. Rd1 Kf6 35. Kf3 Re4 36. Kf2 Re7 37. Rd6+ Ke5 38.
Rd1 Kf6 39. Rd6+ Kg5 40. Rd1 Re4 41. Kf1 h5 42. Kf2 h4 43. Rb1 Kg4 44. Rg1
g5 45. h3+ Kf4 46. Rf1 g4 47. hxg4 Kxg4 48. Rd1 Rf4+ 49. Kg1 Kg5 50. Kh2
Kf6 51. Re1 Rf2 52. Rd1 h3 53. Rd6+ Kg5 54. Rd1 Rxg2+ 55. Kxh3 Rxc2 56.
Rg1+ Kf4 57. Rf1+ Ke4 58. Re1+ Kd4 59. Rd1+ Kc5 60. Rd5+ Kb6 61. Rb5+ Kc7
62. Kh4 Rb2 63. Bd1 Rxb5 64. axb5 Kd6 65. Bc2 Ke5 66. Kg5 Rg3+ 67. Kh4 Rc3
68. Bd1 Rd3 69. Bc2 Rd2 70. Bb3 Rb2 71. Bd1 Rxb5 72. Kg3 Ke4 0-1

[Event "45th Capablanca Mem Open"]
[Site "Havana CUB"]
[Date "2010.06.14"]
[Round "5"]
[White "Rincon Gonzalez,Li"]
[Black "Lorenzana,W"]
[Result "0-1"]
[WhiteElo "1847"]
[BlackElo "2218"]
[EventDate "2010.06.10"]

1. e4 c5 2. Nf3 e6 3. d3 Nc6 4. g3 b5 5. Bg2 Rb8 6. O-O d6 7. Re1 Qc7 8. c3
Nf6 9. d4 e5 10. Na3 Be7 11. Nc2 h6 12. Ne3 O-O 13. Nd5 Qd8 14. dxc5 dxc5
15. Nxf6+ Bxf6 16. Qxd8 Rxd8 17. Be3 Be7 18. Rad1 Be6 19. b3 a5 20. Nd2 a4
21. f4 f6 22. Bf1 Na5 23. Rb1 a3 24. Nf3 Nc6 25. Red1 b4 26. c4 Bg4 27. Kf2
f5 28. Rd5 fxe4 29. Nxe5 Nxe5 30. Rxe5 Bf6 31. Rxc5 Bd1 32. Ra5 Bb2 33. c5
Bc2 34. Re1 Rd3 35. Bh3 Rc3 36. Be6+ Kf8 37. Ra7 Bd3 38. Rf7+ Ke8 39. Rxg7
Rc2+ 40. Kg1 Bxg7 0-1

[Event "45th Capablanca Mem Open"]
[Site "Havana CUB"]
[Date "2010.06.16"]
[Round "6"]
[White "Jimenez Fraga,P"]
[Black "Alvarez Pedraza,A"]
[Result "1-0"]
[WhiteElo "2460"]
[BlackElo "2500"]
[EventDate "2010.06.10"]

1. e4 e6 2. d3 d5 3. Nd2 Nf6 4. Ngf3 c5 5. g3 g6 6. Bg2 Bg7 7. O-O O-O 8.
Re1 Nc6 9. c3 b5 10. e5 Nd7 11. d4 cxd4 12. cxd4 f6 13. exf6 Qxf6 14. Nb3
a5 15. Bg5 Qf5 16. Rc1 Ra6 17. Bf4 h6 18. Qd2 g5 19. Bd6 Re8 20. Nc5 Nxc5
21. Bxc5 Bd7 22. Rc3 g4 23. Nh4 Qf6 24. Rd3 h5 25. f4 Qf7 26. h3 Bf6 27.
hxg4 hxg4 28. Rde3 Raa8 29. Bf1 Ne7 30. Bd3 Bxh4 31. gxh4 Qxf4 32. Rf1 Qh6
33. Bd6 e5 34. dxe5 d4 35. Re2 Qxd2 36. Rxd2 Nc6 37. Bg6 Red8 38. Rdf2 Be6
39. Be4 Rdc8 40. Rf6 Bc4 41. Rg6+ Kh8 42. Rf5 Ra7 43. Rh5+ Rh7 44. Rxh7+
Kxh7 45. Rxg4+ Kh6 46. Bxc6 d3 47. b3 1-0

[Event "45th Capablanca Mem Open"]
[Site "Havana CUB"]
[Date "2010.06.16"]
[Round "6"]
[White "Ortega,Mariano"]
[Black "Gomez Garrido,C"]
[Result "1-0"]
[WhiteElo "2412"]
[BlackElo "2498"]
[EventDate "2010.06.10"]

1. d4 d5 2. c4 c6 3. Nf3 Nf6 4. Nc3 a6 5. a4 e6 6. g3 dxc4 7. Bg2 c5 8.
dxc5 Qxd1+ 9. Nxd1 Nc6 10. Ne3 Bxc5 11. Nxc4 Nd5 12. O-O f6 13. Rd1 Ke7 14.
Ne1 Rd8 15. Nd3 Ndb4 16. Be3 Bxe3 17. fxe3 Nxd3 18. exd3 Bd7 19. Nb6 Rab8
20. Rac1 Nb4 21. Rc7 Kd6 22. Rc4 Nc6 23. d4 Kc7 24. a5 Kd6 25. b4 Na7 26.
Rc5 Nb5 27. Rdc1 g5 28. Kf2 h6 29. Bf3 Be8 30. h4 gxh4 31. gxh4 Ke7 32. Rg1
Kf8 33. Be2 Nd6 34. Bd3 Bb5 35. Bb1 Bc6 36. Rh5 Nf7 37. Ba2 Ke7 38. Rg7 Rg8
39. Rxg8 Rxg8 40. d5 exd5 41. Nxd5+ Bxd5 42. Bxd5 Rg4 43. e4 Nd6 44. Rxh6
Rf4+ 45. Ke3 Rg4 46. Rh7+ Ke8 47. h5 Rh4 48. h6 f5 49. e5 f4+ 50. Kf3 Nf5
51. Rh8+ Kd7 52. h7 Ne7 53. Be4 1-0

[Event "45th Capablanca Mem Open"]
[Site "Havana CUB"]
[Date "2010.06.16"]
[Round "6"]
[White "De la Paz Perdomo,F"]
[Black "Delgado Ramos,H"]
[Result "0-1"]
[WhiteElo "2477"]
[BlackElo "2414"]
[EventDate "2010.06.10"]

1. b3 d5 2. Bb2 c6 3. e3 Bf5 4. f4 e6 5. Nf3 Nd7 6. Be2 Ngf6 7. O-O Bd6 8.
d3 Qc7 9. h3 h6 10. c4 O-O 11. Nbd2 Bh7 12. Kh1 Qb6 13. Bd4 c5 14. Bb2 d4
15. exd4 Nh5 16. dxc5 Ng3+ 17. Kg1 Nxc5 18. d4 Na4 19. bxa4 Qxb2 20. Rf2
Bxf4 21. Nf1 Ne4 22. g3 Nxf2 23. Kxf2 Bc7 24. N1d2 Rad8 25. Nb3 e5 26. d5
e4 27. Nfd4 Qa3 28. Qg1 Be5 29. Rd1 a6 30. a5 Rd6 31. Bg4 f5 32. Be2 f4 33.
Kg2 0-1

[Event "45th Capablanca Mem Open"]
[Site "Havana CUB"]
[Date "2010.06.16"]
[Round "6"]
[White "Fernandez Garcia,JoseL1"]
[Black "Gonzalez Vidal,Y"]
[Result "1/2-1/2"]
[WhiteElo "2430"]
[BlackElo "2543"]
[EventDate "2010.06.10"]

1. e4 c6 2. c4 d5 3. cxd5 cxd5 4. exd5 Nf6 5. Nc3 Nxd5 6. Nf3 e6 7. Bb5+
Bd7 8. Bxd7+ Qxd7 9. Ne5 Qc7 10. Qa4+ Nd7 11. Nxd7 Qxd7 12. Qxd7+ Kxd7 13.
Nxd5 exd5 14. d3 Re8+ 15. Kd1 Bc5 16. Bd2 Re6 17. Rc1 Rc8 18. Rf1 Rf6 19.
Bc3 Ra6 20. a3 f6 21. Bd2 Bd4 22. Rxc8 Kxc8 23. Bc1 Kd7 24. f3 Rb6 25. Kc2
Re6 26. Kd1 b5 27. Re1 a5 28. Rxe6 Kxe6 29. Kc2 a4 30. Bd2 h5 31. h3 h4 32.
b3 Bc5 33. bxa4 bxa4 34. Bc1 Ke5 35. Kd2 Kf4 36. Ke2+ Kg3 37. Kf1 f5 38.
Bb2 g6 39. Be5+ f4 40. Bb2 g5 41. d4 Bb6 42. Bc3 Kh2 43. Kf2 Ba7 44. Kf1
Bb6 1/2-1/2

[Event "45th Capablanca Mem Open"]
[Site "Havana CUB"]
[Date "2010.06.16"]
[Round "6"]
[White "Obregon Rivero,J"]
[Black "Janssen,Ru"]
[Result "1-0"]
[WhiteElo "2410"]
[BlackElo "2524"]
[EventDate "2010.06.10"]

1. e4 e5 2. Nf3 Nc6 3. Bb5 a6 4. Bxc6 dxc6 5. O-O f6 6. d4 Bg4 7. c3 Bd6 8.
Be3 Ne7 9. Nbd2 O-O 10. h3 Bh5 11. dxe5 fxe5 12. Qb3+ Bf7 13. c4 a5 14. Ng5
a4 15. Qc3 c5 16. Nxf7 Rxf7 17. Bg5 Qd7 18. Bxe7 Qxe7 19. Rae1 c6 20. Re3
Bc7 21. Nf3 g5 22. Nxg5 Rg7 23. Nf3 Kh8 24. Nh2 Rd8 25. g3 Qd6 26. b3 a3
27. Qc1 Rf7 28. Qxa3 Rdf8 29. Kg2 Qh6 30. Qxc5 b6 31. Qb4 1-0